MARC

Tag First Indicator Second Indicator Subfields
LEADER 00000cam a2200000Ka 4500
001 in00002197021
005 20220106094319.0
008 060425s1990 vau bb f000 0 eng d
035 |a (OCoLC)ocm67615715 
037 |a N 90-21734 (v. 1)  |b NASA 
037 |a N 90-21735 (v. 2)  |b NASA 
040 |a GPO  |c GPO  |d MvI  |d UtOrBLW 
049 |a UMIC 
049 |a WWW 
074 |a 0830-H-14 (MF) 
074 |a 0830-H-14 (online) 
086 0 |a NAS 1.26:186571 
086 0 |a NAS 1.26:186572 
245 0 0 |a Prediction of forces and moments for flight vehicle control effectors /  |c M. Maughmer [and others]. 
264 1 |a Hampton, VA :  |b National Aeronautics and Space Administration, Langley Research Center,  |c [1990] 
300 |a 2 volumes 
336 |a text  |b txt  |2 rdacontent 
337 |a microform  |b h  |2 rdamedia 
338 |a microfiche  |b he  |2 rdacarrier 
490 1 |a NASA contractor report ;  |v NASA CR-186572 
490 1 |a NASA contractor report ;  |v NASA CR-186571 
500 |a "May 1990." 
500 |a "NASA grant NAG 1-849." 
500 |a Shipping list number: 1990-0881-M (volume 1 and 2). 
500 |a Distributed to depository libraries in microfiche. 
504 |a Includes bibliographical references. 
505 0 |a v. 1. Validation of methods for predicting hypersonic vehicle controls forces and moments -- v. 2. An analysis of delta wing aerodynamic control effectiveness in ground effect. 
530 |a Also available via Internet from the NTRS web site. Addresses as of 4/25/06: http://ntrs.nasa.gov/archive/nasa/casi.ntrs.nasa.gov/19900012418%5F1990012418.pdf (v. 1) and http://ntrs.nasa.gov/archive/nasa/casi.ntrs.nasa.gov/19900012419%5F1990012419.pdf (v. 2); current access is available via PURLs. 
533 |a Microfiche.  |b [Washington, D.C. :  |c National Aeronautics and Space Administration,]  |d 1990.  |e 4 microfiches. 
500 |a Microform. 
650 7 |a Aerodynamic characteristics.  |2 nasat 
650 7 |a Aerodynamic configurations.  |2 nasat 
650 7 |a Aerodynamic stability.  |2 nasat 
650 7 |a Aerodynamics.  |2 nasat 
650 7 |a Ailerons.  |2 nasat 
650 7 |a Aircraft configurations.  |2 nasat 
650 7 |a Computer programs.  |2 nasat 
650 7 |a Control equipment.  |2 nasat 
650 7 |a Control surfaces.  |2 nasat 
650 7 |a Delta wings.  |2 nasat 
650 7 |a Ground effect (Aerodynamics)  |2 nasat 
650 7 |a Hypersonic aircraft.  |2 nasat 
650 7 |a Hypersonics.  |2 nasat 
650 7 |a Planforms.  |2 nasat 
650 7 |a Predictions.  |2 nasat 
650 7 |a Rudders.  |2 nasat 
650 7 |a Space shuttle orbiters.  |2 nasat 
650 7 |a X-15 aircraft.  |2 nasat 
700 1 |a Maughmer, Mark D. 
710 2 |a Langley Research Center. 
830 0 |a NASA contractor report ;  |v NASA CR-186572. 
830 0 |a NASA contractor report ;  |v NASA CR-186571. 
856 4 1 |3 Vol. 1:  |u https://purl.fdlp.gov/GPO/LPS69239  |t 0 
856 4 1 |3 Vol. 2:  |u https://purl.fdlp.gov/GPO/LPS69240  |t 0 
999 |a MARS 
999 f f |s ef858cad-8c43-3fb8-9303-1a5d563dd439  |i 629f6e5a-7bde-3f61-b4e9-c955b19833eb  |t 0 
952 f f |a Texas A&M University  |b College Station  |c Electronic Resources  |d Available Online  |t 0  |e NAS 1.26:186572  |h Superintendent of Documents classification 
952 f f |a Texas A&M University  |b College Station  |c Sterling C. Evans Library  |d Evans: US Documents Microfiche (3rd floor)  |t 0  |e NAS 1.26:186571  |h Superintendent of Documents classification 
952 f f |a Texas A&M University  |b College Station  |c Electronic Resources  |d Available Online  |t 0  |e NAS 1.26:186571  |h Superintendent of Documents classification 
998 f f |a NAS 1.26:186572  |t 0  |l Available Online 
998 f f |a NAS 1.26:186571  |t 0  |l Evans: US Documents Microfiche (3rd floor) 
998 f f |a NAS 1.26:186571  |t 0  |l Available Online